|
|
|
|
| LEADER |
01109nam a22002417i 4500 |
| 001 |
10014281 |
| 003 |
GR-PaULI |
| 005 |
20210117210353.0 |
| 008 |
170502s1939 gr f gre d |
| 040 |
|
|
|a GR-PaULI
|b gre
|c GR-PaULI
|e AACR2
|
| 082 |
0 |
4 |
|a 889.107
|2 23
|
| 100 |
1 |
|
|a Σαραλής, Γιάννης
|9 134101
|e συγγραφέας
|
| 245 |
1 |
0 |
|a Νεοελληνική μετρική /
|c Γιάννη Α. Σαραλή.
|
| 260 |
|
|
|a Αθήναι :
|b Α.Ι. Ράλλης & Σία,
|c 1939.
|
| 300 |
|
|
|a 232 σ. ;
|c 19 εκ.
|
| 490 |
1 |
|
|a Βιβλιοθήκη για Δασκάλους και Γονείς
|
| 650 |
|
4 |
|a Μετρική
|9 79613
|
| 852 |
|
|
|a GR-PaULI
|b ΠΑΤΡΑ
|b ΒΚΠ
|b ΒΣ2
|k ΑΣΧΕ
|h 889.07 Σ
|m 29819
|p 025000062700
|t 1
|
| 852 |
|
|
|a GR-PaULI
|b ΠΑΤΡΑ
|b ΦΙΛΟΛΟΓΙΑ
|b ΒΝΕΣ
|k ΔΑΝΕΙΖ-6
|h 889.107 ΣΑΡ
|m 6433
|p 025000144007
|
| 942 |
|
|
|2 ddc
|c BK15
|
| 952 |
|
|
|0 0
|1 0
|2 ddc
|4 0
|6 889_107000000000000_ΣΑΡ
|7 0
|9 211884
|a THST
|b THST
|d 2017-05-02
|i 009686
|l 0
|o 889.107 ΣΑΡ
|p 025000199304
|r 2017-05-02 00:00:00
|t 1
|v 2017.00
|w 2017-05-02
|y BK15
|
| 998 |
|
|
|c ΜΑΝΙΑ
|d 2017-05
|
| 999 |
|
|
|c 128881
|d 128881
|